[Event "GER-ch 82nd"]
[Site "Bonn"]
[Date "2011.05.26"]
[Round "1"]
[White "Bastian, Herbert"]
[Black "Bindrich, Falko"]
[Result "0-1"]
[WhiteElo "2332"]
[BlackElo "2547"]
[EventDate "2011.05.26"]
[PlyCount "62"]

1. e4 c5 2. Nc3 Nc6 3. g3 g6 4. Bg2 Bg7 5. d3 d6 6. Be3 Nf6 7. h3 O-O 8. Qd2 Nd4 9. Nce2 e5 10. c3 Ne6 11. Nf3 c4 12. dxc4 Nxe4 13. Qc2 f5 14. Rd1 Qc7 15. b3 Bd7 16. O-O Bc6 17. Ne1 Rae8 18. Bc1 N4g5 19. h4 Ne4 20. Ba3 Rd8 21. f3 Nf6 22. Qd2 Qb6+ 23. Kh1 e4 24. Nd4 exf3 25. Nxe6 fxg2+ 26. Nxg2 Ne4 27. Qe3 Qxe3 28. Nxe3 Nxg3+ 29. Kg1 Nxf1 30. Kxf1 Rde8 31. Rxd6 Rf6 0-1

[Event "GER-ch 82nd"]
[Site "Bonn"]
[Date "2011.05.26"]
[Round "1"]
[White "Bracker, Frank"]
[Black "Khenkin, Igor"]
[Result "0-1"]
[WhiteElo "2355"]
[BlackElo "2620"]
[EventDate "2011.05.26"]
[PlyCount "122"]

1. e4 Nf6 2. e5 Nd5 3. d4 d6 4. c4 Nb6 5. exd6 exd6 6. Nc3 Nc6 7. h3 Bf5 8. Be3 Be7 9. Nf3 O-O 10. d5 Ne5 11. Nxe5 dxe5 12. Be2 Nd7 13. Qd2 Bg6 14. O-O Re8 15. Kh1 a6 16. Rac1 f5 17. f4 exf4 18. Bxf4 Nf6 19. Bf3 Bd6 20. Rce1 Qd7 21. Qd4 b6 22. a3 Bh5 23. Bxd6 Qxd6 24. Qd3 g6 25. b4 Bxf3 26. Qxf3 Nh5 27. Kg1 Ng3 28. Re6 Rxe6 29. dxe6 Re8 30. Re1 c6 31. Qf2 f4 32. c5 bxc5 33. bxc5 Qf8 34. Ne4 Rxe6 35. Nxg3 Rxe1+ 36. Qxe1 Qxc5+ 37. Kh2 fxg3+ 38. Qxg3 a5 39. Qc7 h5 40. Qd8+ Kf7 41. Qd7+ Kf6 42. Qd8+ Kg7 43. Qc7+ Kf6 44. Qd8+ Ke5 45. Qg5+ Kd4 46. Qd2+ Kc4 47. Qc2+ Kb5 48. Qb3+ Ka6 49. Qd3+ Kb6 50. Qb3+ Qb5 51. Qe3+ c5 52. Qe6+ Qc6 53. Qb3+ Kc7 54. Qc3 a4 55. Kg1 c4 56. Kh1 h4 57. Qa5+ Kd7 58. Qa7+ Kc8 59. Qf2 c3 60. Qc2 Kc7 61. Kg1 Qc5+ 0-1

[Event "GER-ch 82nd"]
[Site "Bonn"]
[Date "2011.05.26"]
[Round "1"]
[White "Buhmann, Rainer"]
[Black "Mertens, Heiko"]
[Result "1/2-1/2"]
[WhiteElo "2579"]
[BlackElo "2355"]
[EventDate "2011.05.26"]
[PlyCount "58"]

1. Nf3 c5 2. c4 Nf6 3. Nc3 g6 4. e4 Nc6 5. d4 cxd4 6. Nxd4 Bg7 7. Be3 d6 8. Be2 Nxd4 9. Qxd4 O-O 10. Qd2 a5 11. O-O a4 12. Rac1 Qa5 13. f3 Be6 14. Nd5 Qxd2 15. Nxe7+ Kh8 16. Bxd2 Rfe8 17. Nd5 Nxd5 18. cxd5 Bxd5 19. Bc4 Bd4+ 20. Kh1 Bxc4 21. Rxc4 Bxb2 22. Rb4 a3 23. Rxb7 Rec8 24. h4 Rc2 25. Bh6 Bg7 26. Rc1 Rxa2 27. Bxg7+ Kxg7 28. Rcc7 Rf8 29. Ra7 Kf6 1/2-1/2

[Event "GER-ch 82nd"]
[Site "Bonn"]
[Date "2011.05.26"]
[Round "1"]
[White "Gustafsson, Jan"]
[Black "Krassowizkij, Jaroslaw"]
[Result "1-0"]
[WhiteElo "2646"]
[BlackElo "2356"]
[EventDate "2011.05.26"]
[PlyCount "97"]

1. Nf3 Nf6 2. c4 g6 3. Nc3 d5 4. cxd5 Nxd5 5. Qc2 Bg7 6. e4 Nb6 7. d4 O-O 8. Be3 Bg4 9. Ne5 Bxe5 10. dxe5 Nc6 11. h3 Be6 12. Rd1 Qc8 13. f4 Rd8 14. b3 Rxd1+ 15. Qxd1 Qe8 16. Be2 Rd8 17. Qc1 Nd4 18. Bd1 c5 19. O-O c4 20. Qa3 cxb3 21. axb3 Nc8 22. f5 gxf5 23. Bxd4 Rxd4 24. exf5 Qc6 25. fxe6 Qxc3 26. exf7+ Kf8 27. Bg4 Qe3+ 28. Kh1 Rxg4 29. hxg4 Qh6+ 30. Kg1 Qe3+ 31. Kh2 Qh6+ 32. Kg3 Qe3+ 33. Rf3 Qe1+ 34. Kh2 Qxe5+ 35. Kh3 Nd6 36. Qxa7 Nxf7 37. Qe3 Qd5 38. Qd3 Qc6 39. Qd8+ Qe8 40. Qxe8+ Kxe8 41. Kg3 e6 42. Kf4 h6 43. Ke3 Ke7 44. Kd4 b6 45. Rf1 Nd8 46. Rh1 Nf7 47. Ra1 Kd6 48. Ra7 e5+ 49. Ke3 1-0

[Event "GER-ch 82nd"]
[Site "Bonn"]
[Date "2011.05.26"]
[Round "1"]
[White "Huschenbeth, Niclas"]
[Black "Mueller, Oliver"]
[Result "1/2-1/2"]
[WhiteElo "2502"]
[BlackElo "2327"]
[EventDate "2011.05.26"]
[PlyCount "133"]

1. e4 c5 2. Nf3 d6 3. d4 cxd4 4. Nxd4 Nf6 5. Nc3 Nc6 6. Bg5 e6 7. Qd2 Be7 8. O-O-O O-O 9. f4 Nxd4 10. Qxd4 Qa5 11. e5 dxe5 12. Qxe5 Qxe5 13. fxe5 Nd5 14. Bxe7 Nxe7 15. Bd3 Nc6 16. Rhe1 Rd8 17. Bb5 Bd7 18. Na4 Be8 19. Rd6 a6 20. Bxc6 Bxc6 21. Nb6 Rxd6 22. exd6 Rd8 23. Rd1 Bxg2 24. c4 Bf3 25. Rd3 Be4 26. Rd2 g5 27. c5 h5 28. Rd1 g4 29. Kd2 Kg7 30. Ke3 Bf3 31. Re1 f6 32. Kf2 Kf7 33. b4 h4 34. h3 Bc6 35. hxg4 Rh8 36. Kg1 Rg8 37. Kh2 Rxg4 38. Rd1 Ke8 39. Kh3 Rxb4 40. d7+ Kd8 41. Rg1 Rxb6 42. cxb6 Kxd7 43. Rc1 Kd6 44. Kxh4 Bd5 45. a3 e5 46. Rf1 Ke6 47. Kg4 Be4 48. Rd1 f5+ 49. Kg5 f4 50. Kg4 Bd5 51. Rc1 Kf6 52. Rc7 Be6+ 53. Kf3 Kf5 54. Rc5 Bf7 55. Ra5 Bc4 56. Rc5 Bb5 57. Kf2 Bd3 58. Rc7 Be4 59. Rf7+ Ke6 60. Rf8 Ke7 61. Rh8 Bd5 62. Rh6 e4 63. Rh4 f3 64. Rh6 Kd7 65. Ke3 Bc6 66. Rg6 Bd5 67. Rh6 1/2-1/2

[Event "GER-ch 82nd"]
[Site "Bonn"]
[Date "2011.05.26"]
[Round "1"]
[White "Jugelt, Tobias"]
[Black "Lederle, Vitus"]
[Result "1-0"]
[WhiteElo "2403"]
[BlackElo "2226"]
[EventDate "2011.05.26"]
[PlyCount "103"]

1. d4 Nf6 2. c4 e6 3. Nc3 Bb4 4. Bd2 d5 5. Nf3 c5 6. e3 O-O 7. a3 Bxc3 8. Bxc3 Ne4 9. Rc1 cxd4 10. Qxd4 Nxc3 11. Qxc3 Nc6 12. Rd1 Ne7 13. Bd3 Bd7 14. O-O Qc7 15. Qd4 h6 16. cxd5 Nxd5 17. Rc1 Qb6 18. Qxb6 Nxb6 19. Be4 Bb5 20. Rfe1 Rab8 21. Rc7 Ba6 22. Ne5 Rbc8 23. Rec1 Rxc7 24. Rxc7 Rc8 25. Rxc8+ Nxc8 26. Bd3 Bxd3 27. Nxd3 Nd6 28. Kf1 Kf8 29. Ke2 Nc4 30. a4 Ke7 31. b3 Nd6 32. f3 h5 33. e4 g6 34. Ke3 a5 35. Kd4 b6 36. Ne5 g5 37. g3 Kd8 38. h4 gxh4 39. gxh4 Ke7 40. Nd3 f6 41. Nb2 Kd7 42. Nc4 Nc8 43. e5 Ke7 44. Ke4 Kf7 45. exf6 Kxf6 46. f4 Ne7 47. Nxb6 Nf5 48. Nc4 Nxh4 49. Nxa5 Nf5 50. Nc6 Nd6+ 51. Kf3 Ne8 52. b4 1-0

[Event "GER-ch 82nd"]
[Site "Bonn"]
[Date "2011.05.26"]
[Round "1"]
[White "Kessler, Andreas"]
[Black "Andre, Gordon"]
[Result "0-1"]
[WhiteElo "2167"]
[BlackElo "2363"]
[EventDate "2011.05.26"]
[PlyCount "110"]

1. d4 d5 2. Nc3 Nf6 3. Bg5 Bf5 4. e3 c6 5. Bd3 Bxd3 6. Qxd3 Nbd7 7. Nf3 e6 8. e4 h6 9. Bxf6 Nxf6 10. e5 Nd7 11. Nd1 f5 12. h4 Be7 13. h5 c5 14. c3 O-O 15. g3 Qc7 16. Nh4 Bxh4 17. Rxh4 Rfc8 18. Ne3 Rab8 19. f4 Nf8 20. Kf2 Nh7 21. g4 fxg4 22. Rxg4 Rf8 23. Kg3 cxd4 24. cxd4 Rf7 25. Rf1 Rbf8 26. Rg1 Kh8 27. Rf1 Qb6 28. Rb1 Qa5 29. a3 Qb6 30. Ng2 Rf5 31. Nh4 Rxh5 32. Ng6+ Kg8 33. Nxf8 Nxf8 34. b4 Qc6 35. Rg1 Rf5 36. Kf3 g5 37. Ke3 Ng6 38. fxg5 h5 39. R4g3 Qb6 40. Kd2 Kg7 41. Kc3 Rf2 42. Kb3 a5 43. Rc1 axb4 44. axb4 Ne7 45. Qc3 Nc6 46. Rd3 Na5+ 47. Ka3 Nc4+ 48. Kb3 Qa6 49. Ra1 Qb5 50. Ra2 Rf1 51. Rf3 Rb1+ 52. Kc2 Rxb4 53. Kd1 Rb1+ 54. Kc2 Rg1 55. Rg3 Qb1# 0-1

[Event "GER-ch 82nd"]
[Site "Bonn"]
[Date "2011.05.26"]
[Round "1"]
[White "Kummerow, Heiko"]
[Black "Seel, Christian"]
[Result "1/2-1/2"]
[WhiteElo "2326"]
[BlackElo "2484"]
[EventDate "2011.05.26"]
[PlyCount "34"]

1. e4 e5 2. Nf3 d6 3. d4 exd4 4. Nxd4 Nf6 5. Nc3 Be7 6. Bf4 O-O 7. Be2 Re8 8. Qd2 Bf8 9. f3 c6 10. O-O-O b5 11. g4 b4 12. Nb1 Qa5 13. a3 Qb6 14. Qxb4 Qxb4 15. axb4 d5 16. Bxb8 Rxb8 17. g5 Nh5 1/2-1/2

[Event "GER-ch 82nd"]
[Site "Bonn"]
[Date "2011.05.26"]
[Round "1"]
[White "Lubbe, Nikolas"]
[Black "Zill, Christoph"]
[Result "1-0"]
[WhiteElo "2422"]
[BlackElo "2278"]
[EventDate "2011.05.26"]
[PlyCount "63"]

1. d4 e6 2. Nc3 Nf6 3. Bg5 d5 4. Nf3 Be7 5. Bxf6 Bxf6 6. e4 dxe4 7. Nxe4 Nd7 8. Bd3 O-O 9. Qe2 b6 10. Neg5 g6 11. h4 Bb7 12. O-O-O Qe7 13. Qd2 Bxf3 14. Nxf3 c5 15. h5 cxd4 16. hxg6 fxg6 17. Kb1 Nc5 18. Rde1 Nxd3 19. Qxd3 Rad8 20. Re4 Rd6 21. Rhe1 Rfd8 22. Nd2 Kg7 23. f4 h5 24. Nf3 Qd7 25. g4 hxg4 26. Ne5 Qe8 27. Nxg4 Rc8 28. Rg1 Rdc6 29. Re2 Qf7 30. Reg2 Rg8 31. Ne5 Bxe5 32. Rxg6+ 1-0

[Event "GER-ch 82nd"]
[Site "Bonn"]
[Date "2011.05.26"]
[Round "1"]
[White "Molinaroli, Martin"]
[Black "Gschnitzer, Oswald"]
[Result "0-1"]
[WhiteElo "2286"]
[BlackElo "2444"]
[EventDate "2011.05.26"]
[PlyCount "110"]

1. e4 c5 2. Nc3 Nc6 3. f4 e6 4. Nf3 d5 5. Bb5 Nge7 6. Ne5 d4 7. Ne2 Qc7 8. O-O a6 9. Bxc6+ Nxc6 10. Nxc6 Qxc6 11. d3 b6 12. Ng3 Bb7 13. Rf2 O-O-O 14. Qg4 Kb8 15. Bd2 c4 16. b3 c3 17. Be1 g6 18. Qh4 Bg7 19. Re2 f5 20. Bf2 e5 21. Rf1 h6 22. fxe5 Bxe5 23. Be1 f4 24. Nh1 Rdf8 25. Nf2 Qd6 26. Ng4 h5 27. Nxe5 Qxe5 28. h3 g5 29. Qf2 g4 30. Qh4 Ka7 31. Ref2 Rhg8 32. Kh1 Bc8 33. a4 Rg7 34. a5 bxa5 35. g3 f3 36. Rh2 gxh3 37. Rxh3 Bxh3 38. Qxh3 Rg4 39. Bf2 a4 40. bxa4 Rb8 41. Bg1 Qxg3 42. Bxd4+ Ka8 43. Qxg3 Rxg3 44. Be5 Rh3+ 45. Kg1 Rg8+ 46. Kf2 Rg2+ 47. Ke3 Rxc2 48. Kd4 f2 49. a5 Rf3 50. Kc4 h4 51. Bxc3 h3 52. e5 h2 53. e6 Re2 54. Kd5 Rxd3+ 55. Bd4 Rxd4+ 0-1

[Event "GER-ch 82nd"]
[Site "Bonn"]
[Date "2011.05.26"]
[Round "1"]
[White "Pitschka, Claus"]
[Black "Seger, Ruediger"]
[Result "1-0"]
[WhiteElo "2276"]
[BlackElo "2412"]
[EventDate "2011.05.26"]
[PlyCount "103"]

1. d4 Nf6 2. Nf3 g6 3. Nc3 d5 4. Bf4 Bg7 5. e3 Bg4 6. Be2 c6 7. h3 Bxf3 8. Bxf3 Nbd7 9. O-O O-O 10. e4 dxe4 11. Nxe4 Nxe4 12. Bxe4 Qb6 13. Be3 Nf6 14. Qd3 Rfd8 15. Bf3 Nd5 16. Qb3 e5 17. Bxd5 Rxd5 18. c4 Rd7 19. dxe5 Qxb3 20. axb3 Bxe5 21. Rxa7 Rxa7 22. Bxa7 Rd3 23. Re1 f6 24. b4 Rb3 25. Bc5 g5 26. Rd1 Rxb2 27. Rd8+ Kf7 28. g4 b6 29. Bxb6 Rxb4 30. c5 Ke6 31. Rh8 Rf4 32. Kg2 Rc4 33. Rxh7 Rc2 34. Rh8 Bd4 35. Re8+ Kd5 36. Rd8+ Kc4 37. Rd6 Bxf2 38. Kf3 Bd4 39. Rxc6 Kb5 40. Rd6 Rc3+ 41. Ke4 Be5 42. Rd3 Rc1 43. Kd5 Rb1 44. Bd8 Rb2 45. Be7 Rb1 46. Bd6 Rc1 47. Rb3+ Ka4 48. Rb8 Rd1+ 49. Ke6 Bc3 50. c6 Rxd6+ 51. Kxd6 Be5+ 52. Kd7 1-0

[Event "GER-ch 82nd"]
[Site "Bonn"]
[Date "2011.05.26"]
[Round "1"]
[White "Rietze, Clemens"]
[Black "Poetsch, Hagen"]
[Result "1-0"]
[WhiteElo "2283"]
[BlackElo "2424"]
[EventDate "2011.05.26"]
[PlyCount "69"]

1. e4 e6 2. d4 d5 3. Nc3 Nf6 4. Bg5 dxe4 5. Nxe4 Be7 6. Bxf6 gxf6 7. Nf3 f5 8. Nc3 a6 9. g3 b5 10. Bg2 Bb7 11. O-O O-O 12. a4 b4 13. Ne2 c5 14. c3 Nd7 15. Nf4 Nf6 16. Ne5 Qc7 17. Qe2 Bxg2 18. Nxg2 Rfd8 19. Rfd1 Ne4 20. Qc4 bxc3 21. bxc3 Bd6 22. Nf3 Qa5 23. Rdc1 cxd4 24. cxd4 Rab8 25. Rab1 Bb4 26. Nf4 Bd2 27. Nxe6 Nd6 28. Qa2 Bxc1 29. Nxd8 Rxb1 30. Qxb1 Qc7 31. d5 Qc5 32. Nc6 Kg7 33. Nfd4 Kf6 34. Nb3 Qc3 35. Qxc1 1-0

[Event "GER-ch 82nd"]
[Site "Bonn"]
[Date "2011.05.26"]
[Round "1"]
[White "Siebrecht, Sebastian"]
[Black "Svane, Rasmus"]
[Result "1/2-1/2"]
[WhiteElo "2460"]
[BlackElo "2297"]
[EventDate "2011.05.26"]
[PlyCount "94"]

1. Nf3 d5 2. c4 e6 3. e3 Nf6 4. Nc3 Be7 5. b3 O-O 6. Bb2 b6 7. Qc2 Bb7 8. Be2 c5 9. cxd5 Nxd5 10. O-O Nc6 11. Rfd1 Rc8 12. Rac1 Bf6 13. Ne4 Bxb2 14. Qxb2 Qe7 15. Bc4 Rfd8 16. Ng3 Qf6 17. Qb1 Ne5 18. Be2 Nxf3+ 19. Bxf3 Qe7 20. d4 cxd4 21. Rxd4 Nf6 22. Rxc8 Rxc8 23. Bxb7 Qxb7 24. Qd1 h6 25. h3 Qc7 26. Rc4 Qb7 27. Qf3 Qd7 28. Rd4 Qc6 29. Rd8+ Kh7 30. Rxc8 Qxc8 31. Ne4 Qc1+ 32. Kh2 Qc7+ 33. g3 Nxe4 34. Qxe4+ g6 35. Kg2 Kg7 36. Qd4+ Kg8 37. Qe4 Kg7 38. Kf3 Qc1 39. Qe5+ Kh7 40. Qf6 Qd1+ 41. Kg2 Kg8 42. Qf4 Qd2 43. Qb8+ Kg7 44. Qe5+ Kg8 45. a3 Qa2 46. Qb8+ Kg7 47. Qe5+ Kg8 1/2-1/2

[Event "GER-ch 82nd"]
[Site "Bonn"]
[Date "2011.05.26"]
[Round "1"]
[White "Stern, Rene"]
[Black "Vatter, Hans Joachim"]
[Result "1/2-1/2"]
[WhiteElo "2483"]
[BlackElo "2326"]
[EventDate "2011.05.26"]
[PlyCount "138"]

1. Nf3 Nf6 2. c4 e6 3. Nc3 d5 4. d4 a6 5. cxd5 exd5 6. Bg5 Be7 7. e3 O-O 8. Bd3 c6 9. Qc2 Nbd7 10. h3 Re8 11. Bf4 c5 12. dxc5 Nxc5 13. O-O Be6 14. Be5 h6 15. Rfd1 Rc8 16. Qe2 b5 17. Bc2 Qa5 18. a3 b4 19. axb4 Qxb4 20. Nd4 Nfd7 21. Bg3 Bf6 22. Ba4 Qb7 23. Bd6 Nxa4 24. Rxa4 Nb8 25. Bxb8 Rxb8 26. Rxa6 Qxb2 27. Qxb2 Rxb2 28. Nce2 Bd8 29. Rc1 Bh4 30. g3 Bf6 31. Kg2 Be5 32. Rac6 Bd7 33. R6c2 Rb4 34. Rc5 Be6 35. R1c2 Bd6 36. Rc6 Be5 37. R6c5 Bd6 38. Rb5 Rxb5 39. Nxb5 Be5 40. Nbd4 Bc8 41. Ra2 Kf8 42. Ra5 Be6 43. Nc6 Bd6 44. Nf4 Rc8 45. Nd4 Bxf4 46. gxf4 g6 47. h4 h5 48. Ra6 Ke7 49. Nc6+ Kf6 50. Kg3 Rc7 51. Rb6 Rc8 52. Ra6 Rc7 53. Nd4 Rc1 54. Kg2 Rb1 55. Ra7 Rb2 56. Rc7 Rb1 57. Ra7 Rb2 58. Ra1 Rd2 59. Kg3 Rd3 60. Nf3 Rb3 61. Rd1 Ra3 62. Ne5 Rc3 63. Nf3 Ra3 64. Nd4 Ra2 65. Nb5 Rc2 66. Rd3 Rc5 67. Nd4 Ra5 68. Rd2 Rc5 69. Rb2 Ra5 1/2-1/2

[Event "GER-ch 82nd"]
[Site "Bonn"]
[Date "2011.05.26"]
[Round "1"]
[White "Strache, Michael"]
[Black "Dranov, Aleksandar"]
[Result "1/2-1/2"]
[WhiteElo "2317"]
[BlackElo "2465"]
[EventDate "2011.05.26"]
[PlyCount "125"]

1. Nf3 d5 2. d4 c6 3. c4 Nf6 4. e3 g6 5. Nbd2 Bg7 6. Bd3 O-O 7. O-O Bg4 8. h3 Bxf3 9. Nxf3 Nbd7 10. Bd2 e6 11. Rc1 Ne4 12. Bb4 Re8 13. Qb3 f5 14. Be1 Qb6 15. Nd2 Nxd2 16. Bxd2 Qxb3 17. axb3 a6 18. Rfd1 Bf8 19. Kf1 Nf6 20. Be1 Rad8 21. f3 Bh6 22. Bh4 Kf7 23. f4 Rd7 24. Bxf6 Kxf6 25. g4 g5 26. h4 gxf4 27. g5+ Bxg5 28. hxg5+ Kxg5 29. exf4+ Kxf4 30. Ke2 dxc4 31. Rg1 Rxd4 32. Rxc4 Rxc4 33. Bxc4 Re7 34. Rf1+ Ke5 35. Ke3 Kf6 36. Be2 Rg7 37. Rh1 Rg3+ 38. Bf3 e5 39. Kf2 Rg7 40. Rh6+ Kg5 41. Rh5+ Kg6 42. Ke3 Rd7 43. Rh1 Rd4 44. Bh5+ Kg5 45. Bf7 f4+ 46. Ke2 e4 47. Rh5+ Kf6 48. Rxh7 b5 49. Be8 e3 50. Rd7 f3+ 51. Kxe3 Rb4 52. Rd3 c5 53. Bc6 c4 54. Rc3 cxb3 55. Bd5 a5 56. Rxb3 Rxb3+ 57. Bxb3 Ke5 58. Bd1 a4 59. Kxf3 Kd4 60. Ke2 a3 61. bxa3 Kc3 62. a4 bxa4 63. Bxa4 1/2-1/2

[Event "GER-ch 82nd"]
[Site "Bonn"]
[Date "2011.05.26"]
[Round "1"]
[White "Tischbierek, Raj"]
[Black "Krause, Ullrich"]
[Result "1-0"]
[WhiteElo "2431"]
[BlackElo "2283"]
[EventDate "2011.05.26"]
[PlyCount "81"]

1. e4 e6 2. d4 d5 3. Nc3 Bb4 4. e5 c5 5. a3 Bxc3+ 6. bxc3 Qa5 7. Bd2 Qa4 8. Qb1 c4 9. f4 Ne7 10. Nf3 Nbc6 11. Be2 Bd7 12. O-O O-O-O 13. g3 f6 14. Be3 Be8 15. Nh4 Bg6 16. Bg4 Bxc2 17. Bxe6+ Kc7 18. Qb2 f5 19. Bf7 g6 20. Nf3 Rdf8 21. e6 Bb3 22. Rfe1 Nd8 23. Bf2 Nxf7 24. exf7 Nc8 25. Qe2 Qd7 26. Qe5+ Nd6 27. Qxd5 Ne4 28. Qa5+ Kb8 29. Ne5 Qc7 30. Qxc7+ Kxc7 31. d5 Nxf2 32. Kxf2 Kd6 33. Re2 Rc8 34. Rae1 Rhf8 35. h4 Rc5 36. h5 Rxd5 37. hxg6 hxg6 38. Rh1 Kc7 39. Rh7 Rd6 40. Nxg6 Rxg6 41. Re8 1-0

[Event "GER-ch 82nd"]
[Site "Bonn"]
[Date "2011.05.27"]
[Round "2"]
[White "Fridman, Daniel"]
[Black "Kummerow, Heiko"]
[Result "1-0"]
[WhiteElo "2661"]
[BlackElo "2326"]
[EventDate "2011.05.26"]
[PlyCount "95"]

1. d4 Nf6 2. Nf3 g6 3. c4 Bg7 4. Nc3 O-O 5. g3 d6 6. Bg2 Nc6 7. O-O a6 8. b3 Rb8 9. Nd5 e6 10. Nxf6+ Qxf6 11. Bb2 Bd7 12. Qd2 Qe7 13. Rac1 f5 14. Rfd1 Nd8 15. Qa5 Bc6 16. c5 Nf7 17. cxd6 cxd6 18. Ba3 Qd8 19. Qe1 Qb6 20. e3 Bxf3 21. Bxf3 Rfc8 22. Bb4 d5 23. Bc5 Qd8 24. Qb4 b6 25. Be7 Qd7 26. g4 a5 27. Qa3 Rxc1 28. Rxc1 f4 29. exf4 Bxd4 30. Kg2 Re8 31. Bh4 g5 32. fxg5 Ne5 33. Be2 Rf8 34. Bg3 Qf7 35. Qa4 Bb2 36. Rb1 Bc3 37. f4 Nd7 38. Qc6 Bd2 39. Rf1 Nc5 40. Qxb6 Ne4 41. Bd3 Bb4 42. Rc1 Bd2 43. Rf1 Qd7 44. Rd1 Rc8 45. Kh3 Rc3 46. Bxe4 dxe4 47. Qb8+ Rc8 48. Rxd2 1-0

[Event "GER-ch 82nd"]
[Site "Bonn"]
[Date "2011.05.27"]
[Round "2"]
[White "Lubbe, Nikolas"]
[Black "Gustafsson, Jan"]
[Result "0-1"]
[WhiteElo "2422"]
[BlackElo "2646"]
[EventDate "2011.05.26"]
[PlyCount "88"]

1. d4 Nf6 2. Nc3 d5 3. Bf4 e6 4. e3 Be7 5. Bd3 O-O 6. Nf3 c5 7. dxc5 Nbd7 8. b4 b6 9. Nd4 Bb7 10. c6 Qc8 11. cxb7 Qxc3+ 12. Kf1 Rae8 13. Nb5 Qc6 14. b8=Q Nxb8 15. a3 a6 16. Nc7 Rc8 17. Nxa6 Nbd7 18. b5 Qc3 19. g4 Nxg4 20. Rb1 Nge5 21. Rb3 Qa5 22. Rg1 Ng6 23. Bg3 f5 24. f4 Qa4 25. Be1 Nc5 26. Bb4 Nxd3 27. Qxd3 Rf7 28. Rg2 Bf6 29. Be1 Rc4 30. Rb4 Rxb4 31. Bxb4 d4 32. Qc4 dxe3 33. Re2 h6 34. Rxe3 Nxf4 35. Kg1 g5 36. Qc6 Bd4 37. Kf2 Nd5 38. Kf3 g4+ 39. Kg3 Nxe3 40. Nc7 Be5+ 41. Kh4 Bxc7 42. Kh5 Qxc2 43. Qxe6 f4 44. Qe8+ Kg7 0-1

[Event "GER-ch 82nd"]
[Site "Bonn"]
[Date "2011.05.28"]
[Round "3"]
[White "Bracker, Frank"]
[Black "Lederle, Vitus"]
[Result "1-0"]
[WhiteElo "2355"]
[BlackElo "2226"]
[EventDate "2011.05.26"]
[PlyCount "165"]

1. e4 c5 2. Nf3 e6 3. d4 cxd4 4. Nxd4 a6 5. Bd3 Qb6 6. Nb3 Qc7 7. O-O Nf6 8. Nc3 d6 9. f4 Be7 10. a4 b6 11. e5 Nfd7 12. exd6 Bxd6 13. Ne4 Be7 14. Qh5 g6 15. Qe2 Nc6 16. Bd2 O-O 17. Bc3 Bb4 18. Bxb4 Nxb4 19. Rad1 Nd5 20. Qf2 N7f6 21. Nxf6+ Nxf6 22. Qd4 Nh5 23. Be2 Ng7 24. Bf3 Ra7 25. Qd6 Nf5 26. Qd2 Bd7 27. a5 Bb5 28. Rf2 Bc4 29. axb6 Qxb6 30. Na5 Bb5 31. Qb4 Ne3 32. Rd6 Qc7 33. c3 Rb8 34. Qa3 Nf5 35. Rd1 Qxf4 36. c4 Be8 37. b4 Qe3 38. Qb2 Rd7 39. Rxd7 Bxd7 40. Qd2 Qa7 41. c5 Bb5 42. g4 Ne7 43. Qd6 Nd5 44. Bxd5 exd5 45. h4 Re8 46. Qxd5 Qe7 47. Qf3 Rd8 48. c6 Bd3 49. Nb7 Be4 50. Qe2 Re8 51. Qc4 Qc7 52. Nd6 Bxc6 53. b5 Re1+ 54. Rf1 Rxf1+ 55. Qxf1 axb5 56. Qf4 Qe7 57. Kf1 Bd5 58. Nxb5 Qc5 59. Nd4 Qc4+ 60. Kf2 Qa2+ 61. Ke3 Qa3+ 62. Kf2 Qe7 63. g5 Be4 64. Kg3 Bb7 65. Kf2 Kg7 66. h5 Be4 67. h6+ Kg8 68. Qb8+ Qf8 69. Qe5 Bf5 70. Kg3 Bd7 71. Kf3 Bc8 72. Kf4 f6 73. Qxf6 Qxf6+ 74. gxf6 Kf7 75. Ke5 g5 76. Nf3 g4 77. Ng5+ Kg8 78. f7+ Kf8 79. Kf6 Bf5 80. Kxf5 Ke7 81. Kxg4 Kf8 82. Kf5 Ke7 83. Nxh7 1-0

[Event "GER-ch 82nd"]
[Site "Bonn"]
[Date "2011.05.28"]
[Round "3"]
[White "Buhmann, Rainer"]
[Black "Bastian, Herbert"]
[Result "1-0"]
[WhiteElo "2579"]
[BlackElo "2332"]
[EventDate "2011.05.26"]
[PlyCount "81"]

1. Nf3 Nf6 2. c4 g6 3. Nc3 Bg7 4. e4 d6 5. d4 O-O 6. Be2 e5 7. O-O Nc6 8. d5 Ne7 9. b4 Ne8 10. c5 f5 11. Nd2 a5 12. Ba3 axb4 13. Bxb4 fxe4 14. Ndxe4 Nf5 15. Nb5 Qh4 16. Bd3 Bd7 17. Re1 Nd4 18. Nxd4 exd4 19. g3 Qd8 20. Qd2 Bf5 21. Rac1 Bxe4 22. Bxe4 Nf6 23. cxd6 cxd6 24. Bf3 Nd7 25. Bg2 Ne5 26. a3 Qb6 27. h3 Nf3+ 28. Bxf3 Rxf3 29. Re6 Be5 30. Re1 Qc7 31. R1xe5 dxe5 32. Re7 Qd8 33. Qh6 Rf7 34. Rxf7 Kxf7 35. Qxh7+ Kf6 36. g4 d3 37. Be7+ Qxe7 38. g5+ Kf5 39. Qxe7 d2 40. Qf6+ Ke4 41. Qxg6+ 1-0

[Event "GER-ch 82nd"]
[Site "Bonn"]
[Date "2011.05.28"]
[Round "3"]
[White "Gschnitzer, Oswald"]
[Black "Khenkin, Igor"]
[Result "0-1"]
[WhiteElo "2444"]
[BlackElo "2620"]
[EventDate "2011.05.26"]
[PlyCount "80"]

1. Nf3 d5 2. c4 e6 3. d4 Nf6 4. Nc3 Bb4 5. Bg5 h6 6. Bxf6 Qxf6 7. e3 O-O 8. Be2 dxc4 9. O-O Qe7 10. Bxc4 c5 11. Ne4 cxd4 12. Nxd4 Bd7 13. Qh5 Nc6 14. Rfd1 Nxd4 15. Rxd4 Bc6 16. Qe5 Rfd8 17. a3 Rxd4 18. exd4 Bxe4 19. Qxe4 Bd6 20. Re1 Bxh2+ 21. Kxh2 Qc7+ 22. Kg1 Qxc4 23. Qxb7 Qc8 24. Qe4 Rb8 25. b4 Qc4 26. Qe5 Rc8 27. Re3 Rd8 28. Re4 Qc1+ 29. Kh2 Rd5 30. Qb8+ Kh7 31. Qxa7 Rh5+ 32. Kg3 f5 33. Re3 Qd1 34. Rf3 Qh1 35. Rf4 Rg5+ 36. Kf3 Qd1+ 37. Ke3 Qc1+ 38. Kf3 Qd1+ 39. Ke3 Rxg2 40. Qa6 Rg1 0-1

[Event "GER-ch 82nd"]
[Site "Bonn"]
[Date "2011.05.28"]
[Round "3"]
[White "Gustafsson, Jan"]
[Black "Bindrich, Falko"]
[Result "1-0"]
[WhiteElo "2646"]
[BlackElo "2547"]
[EventDate "2011.05.26"]
[PlyCount "85"]

1. Nf3 d5 2. c4 d4 3. g3 Nc6 4. Bg2 e5 5. O-O Nf6 6. d3 a5 7. e3 dxe3 8. Bxe3 Be7 9. d4 exd4 10. Nxd4 Nxd4 11. Qxd4 O-O 12. Nc3 Qxd4 13. Bxd4 c6 14. Rfe1 Be6 15. Bh3 Bxh3 16. Rxe7 Nd7 17. Rae1 Rfd8 18. Ne4 Be6 19. Nd6 Nf8 20. c5 Bxa2 21. Rxb7 Ne6 22. Be3 Bd5 23. Ra1 a4 24. f4 Nf8 25. f5 Nd7 26. Bd4 h5 27. Ra3 Nf6 28. Bxf6 gxf6 29. Kf2 Kg7 30. Ke3 Rh8 31. Rb4 Bb3 32. Rb6 Bd5 33. Rb4 Bb3 34. Ra1 Rab8 35. Rb6 h4 36. gxh4 Ra8 37. Rg1+ Kf8 38. Rg4 a3 39. bxa3 Bd1 40. Rg1 Rxa3+ 41. Kd2 Rxh4 42. Rb8+ Ke7 43. Re1+ 1-0

[Event "GER-ch 82nd"]
[Site "Bonn"]
[Date "2011.05.28"]
[Round "3"]
[White "Huschenbeth, Niclas"]
[Black "Tischbierek, Raj"]
[Result "1/2-1/2"]
[WhiteElo "2502"]
[BlackElo "2431"]
[EventDate "2011.05.26"]
[PlyCount "99"]

1. e4 c5 2. Nf3 Nf6 3. Nc3 Nc6 4. d4 d5 5. exd5 Nxd5 6. Bb5 Nxc3 7. bxc3 e6 8. Ne5 Bd7 9. Nxd7 Qxd7 10. O-O Be7 11. Be3 O-O 12. dxc5 Qc7 13. Qf3 Ne5 14. Qg3 Bxc5 15. Bf4 Bd6 16. Rad1 f6 17. Qh3 Qe7 18. Bxe5 fxe5 19. Bd3 g6 20. f3 Rac8 21. c4 Kg7 22. g3 Rcd8 23. Qg2 Qc7 24. Qe2 Qc6 25. Kg2 b6 26. h4 Bc7 27. h5 Rd4 28. c3 Rdd8 29. Rh1 g5 30. Be4 Qc5 31. Bb1 Qc6 32. Be4 Qc5 33. Rhf1 Kh8 34. h6 Bb8 35. Rd2 Qe7 36. Rfd1 Bc7 37. Bc2 Rxd2 38. Rxd2 Rd8 39. Rxd8+ Qxd8 40. Qe4 Qd2+ 41. Kf1 Qd7 42. Ba4 Qd6 43. Bc2 Qd7 44. Bd3 Kg8 45. Kg2 Bd6 46. Qg4 Qe7 47. c5 Bxc5 48. Bc4 Qf6 49. Bxe6+ Kh8 50. Bd5 1/2-1/2

[Event "GER-ch 82nd"]
[Site "Bonn"]
[Date "2011.05.28"]
[Round "3"]
[White "Jugelt, Tobias"]
[Black "Mueller, Oliver"]
[Result "1/2-1/2"]
[WhiteElo "2403"]
[BlackElo "2327"]
[EventDate "2011.05.26"]
[PlyCount "89"]

1. d4 Nf6 2. c4 e6 3. Nf3 Bb4+ 4. Bd2 Qe7 5. g3 Nc6 6. Bg2 Ne4 7. O-O Nxd2 8. Nbxd2 Bxd2 9. Qxd2 d6 10. Qc3 O-O 11. Rfd1 e5 12. dxe5 dxe5 13. Ne1 Nd4 14. Rd2 Bg4 15. Qe3 Rad8 16. Bd5 Rfe8 17. Rad1 c6 18. Bf3 Bxf3 19. Nxf3 c5 20. Kg2 h6 21. Qxe5 Qxe5 22. Nxe5 Rxe5 23. e3 Re4 24. exd4 cxd4 25. Kf3 f5 26. Re2 Rde8 27. Rde1 d3 28. Rxe4 fxe4+ 29. Ke3 g5 30. g4 Rf8 31. f3 Rxf3+ 32. Kxe4 Rf2 33. Kxd3 Rxb2 34. Re2 Rb1 35. Re7 Rb2 36. a4 a5 37. Kd4 Kf8 38. Rh7 Rxh2 39. Rxb7 Rg2 40. c5 Ke8 41. c6 Kd8 42. Rh7 Rxg4+ 43. Kc5 Rxa4 44. Rxh6 Ra1 45. Rh8+ 1/2-1/2